00868cam a2200241 i 4500020003100000020002800031082001000059100004200069245007300111250001900184260002800203300004300231504006700274650001500341650002100356650001900377650005500396650005700451650005800508650001500566650001900581700002600600 a9781610399500q(hardcover) a1610399501q(hardcover)04a330.91 aBanerjee, Abhijit V.,d1961-eauthor.10aGood economics for hard times /cAbhijit V. Banerjee & Esther Duflo. aFirst edition. aUKbPenguin Booksc2020 ax, 403 pages :billustrations ;c25 cm aIncludes bibliographical references (pages 327-383) and index. 0aEconomics. 0aEconomic history 0aGlobalization. 7aBUSINESS & ECONOMICS / Economics / Macroeconomics. 7aPOLITICAL SCIENCE / Public Policy / Economic Policy. 7aSOCIAL SCIENCE / Social Classes & Economic Disparity. 7aEconomics. 7aGlobalization.1 aDuflo, Esther,d1972-